<?xml version="1.0" encoding="UTF-8"?>
<record
    xmlns:xsi="http://www.w3.org/2001/XMLSchema-instance"
    xsi:schemaLocation="http://www.loc.gov/MARC21/slim http://www.loc.gov/standards/marcxml/schema/MARC21slim.xsd"
    xmlns="http://www.loc.gov/MARC21/slim">

  <leader>01372nam a2200205 a 4500</leader>
  <controlfield tag="008">190917e2001    sp  |||g |||| 001 0 spa d</controlfield>
  <datafield tag="020" ind1=" " ind2=" ">
    <subfield code="a">8466305017</subfield>
  </datafield>
  <datafield tag="041" ind1=" " ind2=" ">
    <subfield code="a">spa</subfield>
  </datafield>
  <datafield tag="092" ind1=" " ind2=" ">
    <subfield code="c">808</subfield>
    <subfield code="l">74</subfield>
    <subfield code="s">RID</subfield>
  </datafield>
  <datafield tag="100" ind1="1" ind2=" ">
    <subfield code="a">Ridley, Matt</subfield>
    <subfield code="9">4015</subfield>
  </datafield>
  <datafield tag="245" ind1=" " ind2=" ">
    <subfield code="a">Genoma.</subfield>
    <subfield code="b">La autobiograf&#xED;a de una especie en 23 cap&#xED;tulos /</subfield>
    <subfield code="c">Matt Ridley</subfield>
  </datafield>
  <datafield tag="250" ind1=" " ind2=" ">
    <subfield code="a">1a ed.</subfield>
    <subfield code="b">Traducci&#xF3;n Irene Cifuentes</subfield>
  </datafield>
  <datafield tag="260" ind1=" " ind2=" ">
    <subfield code="a">Buenos Aires:</subfield>
    <subfield code="b">Punto de Lectura;</subfield>
    <subfield code="c">2001.</subfield>
  </datafield>
  <datafield tag="300" ind1=" " ind2=" ">
    <subfield code="a">598 p.</subfield>
  </datafield>
  <datafield tag="500" ind1=" " ind2=" ">
    <subfield code="a">Ridley, M. (2001). Genoma. La autobiograf&#xED;a de una especie en 23 cap&#xED;tulos. (1a ed.). Madrid : Suma de Letras.</subfield>
  </datafield>
  <datafield tag="505" ind1=" " ind2=" ">
    <subfield code="a">El genoma humano, todo el conjunto de genes alojados en 23 pares de cromosomas, constituye nada menos que una autobiograf&#xED;a de nuestra especie. Escrito con mil millones de palabras de tres letras que utilizan el alfabeto de cuatro letras del ADN, el genoma ha sido corregido, abreviado, modificado y aumentado a medida que se ha transmitido de generaci&#xF3;n en generaci&#xF3;n a lo largo de m&#xE1;s de tres millones de a&#xF1;os. Al elegir uno de los genes reci&#xE9;n descubiertos de cada uno de los 23 cromosomas humanos, y relatar su historia, Matt Ridley narra la historia de nuestra especie y sus antepasados desde los albores de la vida hasta la antesala de la futura medicina. </subfield>
  </datafield>
  <datafield tag="590" ind1=" " ind2=" ">
    <subfield code="a">Donaci&#xF3;n Prof. Susana S&#xE1;nchez, febrero 2019</subfield>
  </datafield>
  <datafield tag="655" ind1=" " ind2=" ">
    <subfield code="a">Literatura</subfield>
    <subfield code="9">2917</subfield>
  </datafield>
  <datafield tag="942" ind1=" " ind2=" ">
    <subfield code="2">ddc</subfield>
    <subfield code="c">LIT</subfield>
  </datafield>
  <datafield tag="999" ind1=" " ind2=" ">
    <subfield code="c">2850</subfield>
    <subfield code="d">2850</subfield>
  </datafield>
  <datafield tag="952" ind1=" " ind2=" ">
    <subfield code="0">0</subfield>
    <subfield code="1">0</subfield>
    <subfield code="2">ddc</subfield>
    <subfield code="4">0</subfield>
    <subfield code="7">0</subfield>
    <subfield code="a">BFM</subfield>
    <subfield code="b">BFM</subfield>
    <subfield code="c">CR</subfield>
    <subfield code="d">2019-02-11</subfield>
    <subfield code="e">Donaci&#xF3;n Prof. Susana S&#xE1;nchez, Febrero 2019</subfield>
    <subfield code="l">0</subfield>
    <subfield code="o">808 74 RID</subfield>
    <subfield code="p">4377</subfield>
    <subfield code="r">2019-02-11</subfield>
    <subfield code="t">Ej. 1</subfield>
    <subfield code="w">2019-02-11</subfield>
    <subfield code="y">LIT</subfield>
    <subfield code="z">Proyecto 4to libro. Donaci&#xF3;n Prof. Susana S&#xE1;nchez, Febrero 2019</subfield>
  </datafield>
</record>
